El espíritu de los románticos europeos (Record no. 139614)

MARC details
000 -LEADER
campo de control de longitud fija 00833nam a2200217 4500
001 - NÚMERO DE CONTROL
campo de control 139614
003 - IDENTIFICADOR DE NÚMERO DE CONTROL
campo de control ES-MaACL
007 - CAMPO FIJO DE DESCRIPCIÓN FÍSICA--INFORMACIÓN GENERAL
campo de control de longitud fija t|
008 - DATOS DE LONGITUD FIJA--INFORMACIÓN GENERAL
campo de control de longitud fija 070214s1983 mx r ||||1| spa d
100 1# - ENTRADA PRINCIPAL--NOMBRE DE PERSONA
Nombre de persona Schenk, H. G.
9 (RLIN) 104301
245 13 - MENCIÓN DEL TÍTULO
Título El espíritu de los románticos europeos
Resto del título : ensayo sobre Historia de la cultura /
Mención de responsabilidad, etc. H. G. Schenk ; con prefacio de Isaiah Berlín ; [traducción de Juan José Utrilla].
250 ## - MENCION DE EDICION
Mención de edición 1ª ed.
260 ## - PUBLICACIÓN, DISTRIBUCIÓN, ETC.
Lugar de publicación, distribución, etc. México :
Nombre del editor, distribuidor, etc. Fondo de Cultura Económica,
Fecha de publicación, distribución, etc. 1983.
300 ## - DESCRIPCIÓN FÍSICA
Extensión 308 p., 9 lám. ;
Dimensiones 21 cm.
490 1# - MENCIÓN DE SERIE
Mención de serie Sección de obras de Lengua y estudios literarios
700 ## - ENTRADA AGREGADA--NOMBRE PERSONAL
Nombre de persona Berlin, Isaiah,
Fechas asociadas al nombre 1909-1997
9 (RLIN) 239356
700 1# - ENTRADA AGREGADA--NOMBRE PERSONAL
Nombre de persona Utrilla, Juan José.
9 (RLIN) 112336
830 0# - PUNTO DE ACCESO ADICIONAL DE SERIE-TÍTULO UNIFORME
Título uniforme Sección de obras de Lengua y estudios literarios
9 (RLIN) 187136
852 ## - LOCALIZACIÓN
Ubicación ES-MaACL
Número de control de estantería L-6567
Sublocalización o colección R.106909
Holdings
Estatus retirado Estado de pérdida Estado de daño No para préstamo Biblioteca de origen Biblioteca actual Ubicación en estantería Fecha de adquisición Fuente de adquisición Total de préstamos Signatura topográfica completa Código de barras Visto por última vez Precio de reemplazo Tipo de ítem Koha
        Biblioteca del Ateneo de Madrid Biblioteca del Ateneo de Madrid Depósito 2 17/01/2008     L-6567 1145289 23/02/2023 23/02/2023 Libro impreso